China & India speak to America, India speaks. (Record no. 34577)
[ view plain ]
| 000 -LEADER | |
|---|---|
| fixed length control field | 01261cim a22003257a 4500 |
| 005 - DATE AND TIME OF LATEST TRANSACTION | |
| control field | 20070601172700.0 |
| 008 - FIXED-LENGTH DATA ELEMENTS--GENERAL INFORMATION | |
| fixed length control field | 010612s194u nyunnn z eng |
| 010 ## - LCCN (DPL NO) | |
| LC control number | 2001659815 |
| 028 ## - PUBLISHER NUMBER | |
| Publisher number | D3-MM-4190-1 |
| Source | NBC |
| 040 ## - CATALOGING SOURCE | |
| Original cataloging agency | DLC |
| 050 ## - LIBRARY OF CONGRESS CALL NUMBER | |
| DPL Classification number | NCPC 07285 |
| 245 ## - TITLE STATEMENT | |
| Title | China & India speak to America, India speaks. |
| Number of part/section of a work | Part No. 10, |
| Name of part/section of a work | India's culture & the dance |
| Medium | [sound recording]. |
| 246 ## - VARYING FORM OF TITLE | |
| Title proper/short title | China and India speak to America, India speaks |
| 246 ## - VARYING FORM OF TITLE | |
| Title proper/short title | India's culture & the dance |
| 260 ## - PUBLICATION, DISTRIBUTION, ETC. (IMPRINT) | |
| Place of publication, distribution, etc | New York : |
| Name of publisher, distributor, etc | NBC Radio-Recording Div., |
| Date of publication, distribution, etc | [194-] |
| 300 ## - PHYSICAL DESCRIPTION | |
| Extent | 1 sound disc : |
| Other physical details | analog, 33 1/3 rpm, mono. ; |
| Dimensions | 16 in. |
| 500 ## - GENERAL NOTE | |
| General note | NBC: D3-MM-4190-1 (matrix). |
| 500 ## - GENERAL NOTE | |
| General note | Distributed electrical transcription recording. |
| 500 ## - GENERAL NOTE | |
| General note | Presented by the East & West Association. |
| 500 ## - GENERAL NOTE | |
| General note | Production level cataloging. |
| 501 ## - WITH NOTE | |
| With note | Issued with: Landmarks of Indian history. |
| 511 ## - PARTICIPANT OR PERFORMER NOTE | |
| Participant or performer note | Dr. Ananda Coomaraswamy, Mme. La Neri. |
| 655 ## - INDEX TERM--GENRE/FORM | |
| Genre/form data or focus term | Informational programs |
| Form subdivision | Radio. |
| Source of term | radfg |
| 700 ## - ADDED ENTRY--PERSONAL NAME | |
| Personal name | Coomaraswamy, Ananda Kentish, |
| Dates associated with a name | 1877-1947 |
| Relator code | spk |
| 700 ## - ADDED ENTRY--PERSONAL NAME | |
| Personal name | La Meri, |
| Dates associated with a name | 1898-1988. |
| 710 ## - ADDED ENTRY--CORPORATE NAME | |
| Corporate name or jurisdiction name as entry element | East and West Association (U.S.) |
| 906 ## - LOCAL DATA ELEMENT F, LDF (RLIN) | |
| a | 7 |
| b | cbc |
| c | origcop |
| d | 3 |
| e | ncip |
| f | 20 |
| g | y-soundrec |
| 942 ## - ADDED ENTRY ELEMENTS (KOHA) | |
| Source of classification or shelving scheme | Dewey Decimal Classification |
| Item type | Bengali Books |
No items available.
